000 01948nam0a2200373 i 4500
001 RU\NLR\bibl\1915966
005 20260407151639.0
010 _a9785948393483
_9100
021 _aRU
_b2012-40133
_92963
035 _a(NLR Aleph) 001905458
090 _a3104570
_c3104570
100 _a20120620d2012 u y0rusy50 ca
101 0 _arus
102 _aRU
105 _aa |||||||||
200 1 _aЦукерман Владимир Самойлович
_eбиобиблиографический указатель
_eк 80-летию
_fФедерал. гос. бюджет. образоват. учреждение высш. проф. образования "Челяб. гос. акад. культуры и искусств"
_g[сост.: Т.Н. Моковая и др.]
210 _aЧелябинск
_cЧелябинская государственная академия культуры и искусств
_d2012
215 _a101 с., [10] л. ил., цв. ил.
_d21
225 1 _aАкадемия культуры и искусств: ведущие ученые, педагоги, творцы
320 _aИмен. указ.: с. 69-70
320 _aУказ. период. изд.: с. 71
600 1 _aЦукерман
_bВ.С.
_f1932
_gВладимир Самойлович
_jБиобиблиография
_92109201
_3RU\NLR\auth\661578389
686 _aЧ489.554(2Р)7-8Цукерман я1
686 _aС51(2)7я1
686 _aЮ3(2)7я1
702 1 _aМоковая
_bТ. Н.
_gТатьяна Николаевна
_4220
702 1 _aЦукерман
_bВ. С.
_gВладимир Самойлович
_4570
712 0 2 _4570
_aЧелябинская государственная академия культуры и искусств
_9556939
_3RU\NLR\AUTH\8810029188
801 0 _aRU
_bNLR
_c20120620
_gRCR
801 1 _aRU
_bNLR
_c20120620
830 _aсост. по кн.
942 _cBOOK
980 _aNBR